| 000 | 01685cam a22003734a 4500 | ||
|---|---|---|---|
| 001 | 14175266 | ||
| 005 | 20070410085439.0 | ||
| 008 | 051114s2007 paua b 001 0 eng | ||
| 010 | _a 2005033045 | ||
| 016 | 7 |
_a101261636 _2DNLM |
|
| 020 | _a0781762839 (alk. paper) | ||
| 035 | _a(OCoLC)ocm62342732 | ||
| 040 |
_aDNLM/DLC _cDLC _dYDX _dNLM _dBAKER _dDLC |
||
| 042 | _apcc | ||
| 050 | 0 | 0 |
_aRT84.5 _b.T36 2007 |
| 060 | 1 | 0 |
_aWY 86 _bT395 2007 |
| 082 | 0 | 0 |
_a610.73 _222 _bMCE NR |
| 245 | 0 | 0 |
_aTheoretical basis for nursing / _c[edited by] Melanie McEwen, Evelyn M. Wills. |
| 250 | _a2nd ed. | ||
| 260 |
_aPhiladelphia : _bLippincott Williams & Wilkins, _cc2007. |
||
| 300 |
_axxi, 551 p. : _bill. ; _c24 cm. |
||
| 504 | _aIncludes bibliographical references and indexes. | ||
| 650 | 0 |
_aNursing _xPhilosophy. |
|
| 650 | 0 | _aNursing. | |
| 650 | 1 | 2 | _aNursing Theory. |
| 700 | 1 | _aMcEwen, Melanie. | |
| 700 | 1 | _aWills, Evelyn M. | |
| 856 | 4 | 1 |
_3Table of contents only _uhttp://www.loc.gov/catdir/toc/ecip064/2005033045.html |
| 856 | 4 | 2 |
_3Publisher description _uhttp://www.loc.gov/catdir/enhancements/fy0712/2005033045-d.html |
| 942 |
_2ddc _cNB |
||
| 999 |
_c10911 _d10911 |
||